LDR 01008naa#a2200181#i#450# 001 RU\\bibl\120582 005 20260430043140.4 011 ## _a2587-6740 100 ## _a20260415b2026####ek#y0rusy0150####ca 102 ## _aRU 200 1# _aОценка цифровых моделей рельефа для картографического обеспечения адаптивно-ландшафтного земледелия на микрозональном уровне с использованием ГИС-технологий _eЖурнальная статья 210 1# _aМосква _cЭлектронная наука _d2026 215 ## _a4 с. 608 ## _aЖурнальная статья _2local 675 ## _aДистанционное зондирование. Методы и приборы. 528.8 _aОтдельные системы земледелия. 631.58 _z 700 #1 _aХолодов _gДенис Витальевич 700 #1 _aСмирнова _gЛидия Григорьевна 856 4# _aecience.ru _u